000 00401pam a2200157a 44500
008 230515b2011 xxu||||| |||| 00| 0 eng d
020 _aNULL
041 _aENGLISH
082 _a615.5322
100 _aCCRH
245 _aCLINICAL RESEARCH STUDIES VOL-III
250 _a0
260 _aNEW DEHLI
_bCENTRAL COUNCIL FOR RESEARCH IN AYURVEDA GOV. OF INDIA
_c2011
300 _a62
650 _aPHARMACY
999 _c554499
_d554499